000 00893nas a2200313 4500
001 BR2012003886
003 BR-BrBNA
005 20231205120629.0
007 ta
008 230509b bl.|||p| |||| 00| 00por d
040 _aBR-BrBNA
_bpor
_cBiblioteca Nacional de Agricultura
041 _a(En)
072 _aM40; H20
100 1 _aOliveira, L.G. de
100 1 _aCavalcanti, M.A. de Q.
100 1 _aPassavante, J.Z. de O.
100 1 _aFernandes, M.J. dos S.
100 1 _aLima, D.M. de M.
245 1 _aFilamentous fungi isolated from Candeias Beach, Pernambuco, Brazil
650 _aSOLO
650 _aÁGUA
650 _aMAR
650 _aAMBIENTE BENTICO
650 _aFUNGO
650 _aISOLAMENTO
773 0 _tHoehnea (Brazil)
_xISSN 0073-2877
_g(Jun 2011), v. 38(2) p. 215-220
_wBR2012003886
909 _a202311
_bLúcia
_c55
_dLúcia Elande
942 _2AGRIS
_n0
_cANA
999 _c219467
_d219467